000
00239nam a2200097Ia 4500
001
1253614
005
20251031150957.0
008
251031s9999 xx 000 0 und d
245
0
_c
AYDA ÇAYIR
_a
Y-8 DÜŞ AVCISI
260
_b
ERDEM YAYINLARI
999
_c
1253614
_d
1253614